(Re)donner du sens a son management (notice n° 1558078)
[ vue normale ]
| 000 -LEADER | |
|---|---|
| fixed length control field | 01800cam a2200277zu 4500 |
| 003 - CONTROL NUMBER IDENTIFIER | |
| control field | FRCYB88916500 |
| 005 - DATE AND TIME OF LATEST TRANSACTION | |
| control field | 20251020125317.0 |
| 008 - FIXED-LENGTH DATA ELEMENTS--GENERAL INFORMATION | |
| fixed length control field | 251020s2005 fr | o|||||0|0|||fre d |
| 020 ## - INTERNATIONAL STANDARD BOOK NUMBER | |
| International Standard Book Number | 9782378902209 |
| 035 ## - SYSTEM CONTROL NUMBER | |
| System control number | FRCYB88916500 |
| 040 ## - CATALOGING SOURCE | |
| Original cataloging agency | FR-PaCSA |
| Language of cataloging | fr |
| Transcribing agency | |
| Description conventions | rda |
| 100 1# - MAIN ENTRY--PERSONAL NAME | |
| Personal name | Zerbib-Lucas, Sandrine |
| 245 01 - TITLE STATEMENT | |
| Title | (Re)donner du sens a son management |
| Remainder of title | Créer l''adhésion et convaincre avec le potentiel des |
| Statement of responsibility, etc. | ['Zerbib-Lucas, Sandrine'] |
| 264 #1 - PRODUCTION, PUBLICATION, DISTRIBUTION, MANUFACTURE, AND COPYRIGHT NOTICE | |
| Name of producer, publisher, distributor, manufacturer | Gereso |
| Date of production, publication, distribution, manufacture, or copyright notice | 2005 |
| 300 ## - PHYSICAL DESCRIPTION | |
| Extent | p. |
| 336 ## - CONTENT TYPE | |
| Content type code | txt |
| Source | rdacontent |
| 337 ## - MEDIA TYPE | |
| Media type code | c |
| Source | rdamdedia |
| 338 ## - CARRIER TYPE | |
| Carrier type code | c |
| Source | rdacarrier |
| 520 ## - SUMMARY, ETC. | |
| Summary, etc. | Comment mener rapidement un projet à son terme, obtenir une pleine adhésion, débloquer une situation complexe ? Pour orienter les énergies dans un même sens et nourrir le consensus tout en respectant les sensibilités de chacun, le manager doit être capable de délivrer un message authentique et plein de sens. Mais l’accumulation des « non-dits » est souvent un frein au développement des organisations. Pourtant, une nouvelle voie existe entre les méthodes de management classiques et les approches psychologiques. À l’appui de nombreuses expériences en entreprise, l’auteur démontre que la révélation et l’utilisation subtile de ces « non-dits », notamment entre collaborateurs et managers, constituent les clés de la réussite. Avec une volonté pédagogique constante, l’auteur propose une méthode simple et pragmatique, qui permettra à tout manager de renforcer ses capacités à décider, faire et convaincre. |
| 650 #0 - SUBJECT ADDED ENTRY--TOPICAL TERM | |
| Topical term or geographic name entry element | |
| 700 0# - ADDED ENTRY--PERSONAL NAME | |
| Personal name | Zerbib-Lucas, Sandrine |
| 856 40 - ELECTRONIC LOCATION AND ACCESS | |
| Access method | Cyberlibris |
| Uniform Resource Identifier | <a href="https://international.scholarvox.com/netsen/book/88916500">https://international.scholarvox.com/netsen/book/88916500</a> |
| Electronic format type | text/html |
| Host name | |
Pas d'exemplaire disponible.




Réseaux sociaux